Instalación de una planificación y gestión de centros educativos / Yanina Peña Acevedo, Johanna Trinidad Peguero Sosa. Asesores: Dr. Antonio Rosario Gómez. (Registro nro. 10115)
[ vista simple ]
| 000 -LEADER | |
|---|---|
| fixed length control field | 00600nam a22001691a 4500 |
| 001 - CONTROL NUMBER | |
| control field | 10115 |
| 003 - CONTROL NUMBER IDENTIFIER | |
| control field | OSt |
| 005 - DATE AND TIME OF LATEST TRANSACTION | |
| control field | 20260204212146.0 |
| 008 - FIXED-LENGTH DATA ELEMENTS--GENERAL INFORMATION | |
| fixed length control field | 070903s2007||||dr ||||||b||||||||||spa|| |
| 090 ## - LOCALLY ASSIGNED LC-TYPE CALL NUMBER (OCLC); LOCAL CALL NUMBER (RLIN) | |
| Classification number (OCLC) (R) ; Classification number, CALL (RLIN) (NR) | PGE-2007-006 |
| 100 ## - ASIENTO PRINCIPAL -- NOMBRE PERSONAL | |
| Personal name | Peña Acevedo, Yanina |
| 245 ## - TÍTULO PROPIAMENTE DICHO: SUBTÍTULO | |
| Title | Instalación de una planificación y gestión de centros educativos / Yanina Peña Acevedo, Johanna Trinidad Peguero Sosa. Asesores: Dr. Antonio Rosario Gómez. |
| 264 ## - PRODUCTION, PUBLICATION, DISTRIBUTION, MANUFACTURE, AND COPYRIGHT NOTICE | |
| Place of production, publication, distribution, manufacture | Santo Domingo : El Autor |
| 502 ## - THESIS NOTE | |
| Dissertation note | Tesis (Post - Grado) |
| 650 ## - ASIENTO SECUNDARIO DE MATERIA -- TERMINO TOPICO | |
| Asiento secundario de materia | Especialidad en Planificación y Gestión de Centros Educativos.Ì |
| 942 ## - ADDED ENTRY ELEMENTS (KOHA) | |
| Source of classification or shelving scheme | Dewey Decimal Classification |
| Koha item type | Tesis |
| Withdrawn status | Lost status | Source of classification or shelving scheme | Damaged status | Not for loan | Current library | Date acquired | Total Checkouts | Full call number | Barcode | Date last seen | Price effective from | Koha item type |
|---|---|---|---|---|---|---|---|---|---|---|---|---|
| Dewey Decimal Classification | Biblioteca UTECO | 09/09/2019 | PGE-2007-006 | PGE-2007-006 | 09/09/2019 | 09/09/2019 | Tesis |
